Φορτώνει......
Annadaanaprabhu
| Κύριος συγγραφέας: | |
|---|---|
| Μορφή: | Printed Book |
| Έκδοση: |
1991
|
| LEADER | 003470000a22001090004500 | ||
|---|---|---|---|
| 040 | |a MAL | ||
| 082 | |a A301 UNN/A N1;1 | ||
| 100 | |a Unnikrishnan Puthoor | ||
| 245 | |a Annadaanaprabhu | ||
| 260 | |c 1991 | ||
| 999 | |c 23334 |d 23334 | ||
| 952 | |0 0 |1 0 |4 0 |6 A_000000000000000_301_UNNA_N11 |7 0 |8 MAL |9 23156 |a MGUL |b MGUL |d 2013-07-16 |l 0 |o A301 UNN/A N1;1 |p 17973 |r 2013-07-16 |w 2013-07-16 |y BK | ||